Catálogo público

Calidad de leche cruda : manual de prácticas / (Record no. 174074)

MARC details
000 -CABECERA
campo de control de longitud fija 00939nam a2200289Ia 4500
001 - NÚMERO DE CONTROL
campo de control dia_3588
003 - IDENTIFICADOR DEL NÚMERO DE CONTROL
campo de control CHAP
005 - FECHA Y HORA DE LA ÚLTIMA TRANSACCIÓN
campo de control 20251027144427.0
008 - DATOS DE LONGITUD FIJA--INFORMACIÓN GENERAL
campo de control de longitud fija 220117s2003 xx 000 0 und d
010 ## - NÚMERO DE CONTROL DE LA BIBLIOTECA DEL CONGRESO
Número de control de LC 174074
020 ## - NÚMERO INTERNACIONAL ESTÁNDAR DEL LIBRO
Número Internacional Estándar del Libro 968-02-0023-X
040 ## - FUENTE DE LA CATALOGACIÓN
Centro/agencia transcriptor CHAP
082 ## - NÚMERO DE LA CLASIFICACIÓN DECIMAL DEWEY
Número de clasificación 637.1 V55 2003
100 ## - ENTRADA PRINCIPAL--NOMBRE DE PERSONA
Nombre de persona Villegas de Gante, Abraham
9 (RLIN) 119748
245 ## - MENCIÓN DE TÍTULO
Título Calidad de leche cruda : manual de prácticas /
Mención de responsabilidad, etc. Abraham Villegas de Gante y Armando Santos Moreno
260 ## - PUBLICACIÓN, DISTRIBUCIÓN, ETC.
Lugar de publicación, distribución, etc. México :
Nombre del editor, distribuidor, etc. Universidad Autonoma Chapingo, Departamento de Ingeniería Agroindustrial,
Fecha de publicación, distribución, etc. 2003
300 ## - DESCRIPCIÓN FÍSICA
Extensión 82 p.
504 ## - NOTA DE BIBLIOGRAFÍA, ETC.
Nota de bibliografía, etc. Bibliografía: p. 82
590 ## - NOTA LOCAL (RLIN)
Nota local SF251 V55 2003
650 ## - PUNTO DE ACCESO ADICIONAL DE MATERIA--TÉRMINO DE MATERIA
Término de materia o nombre geográfico como elemento de entrada Calidad de la leche
9 (RLIN) 145447
650 ## - PUNTO DE ACCESO ADICIONAL DE MATERIA--TÉRMINO DE MATERIA
Término de materia o nombre geográfico como elemento de entrada Milk quality
9 (RLIN) 154970
700 ## - PUNTO DE ACCESO ADICIONAL--NOMBRE DE PERSONA
Nombre de persona Santos Moreno, Armando, coaut.
9 (RLIN) 145985
901 ## - ELEMENTOS DE DATOS A LOCAL LDA (RLIN)
a 637.1 V55 2003
902 ## - ELEMENTOS DE DATOS B LOCAL, LDB (RLIN)
a M
905 ## - ELEMENTOS DE DATOS E LOCAL, LDE (RLIN)
a 5232272003 mx A 8223223322spa16
942 ## - ELEMENTOS DE PUNTO DE ACCESO ADICIONAL (KOHA)
Tipo de ítem Koha Libro
Fuente del sistema de clasificación o colocación Dewey Decimal Classification
Holdings
Estado de retiro Estado de pérdida Fuente del sistema de clasificación o colocación Estado dañado No para préstamo Código de colección Localización permanente Ubicación/localización actual Ubicación en estantería Fecha de adquisición Información codificada de la localización en otra ubicación Total de préstamos Código de barras Fecha visto por última vez Fecha del último préstamo Número de copia Precio válido a partir de Tipo de ítem Koha
    Dewey Decimal Classification     General Ingenieria Agroindustrial Ingenieria Agroindustrial   18/01/2022 1 1 dia_006089 29/08/2022 29/08/2022 3 18/01/2022 Libro
    Dewey Decimal Classification     General Ingenieria Agroindustrial Ingenieria Agroindustrial   18/01/2022 1 3 dia_006087 02/06/2025 02/06/2025 1 18/01/2022 Libro
    Dewey Decimal Classification     General Ingenieria Agroindustrial Ingenieria Agroindustrial   18/01/2022 1 5 dia_006088 02/06/2025 02/06/2025 2 18/01/2022 Libro